Computer Assisted Broadcast Reporting (Record no. 918)

MARC details
000 -LEADER
Fixed length control field 00460nam a2200169 4500
003 - CONTROL NUMBER IDENTIFIER
Control field SEACOMMC
005 - DATE AND TIME OF LATEST TRANSACTION
Control field 20250429112115.0
008 - FIXED-LENGTH DATA ELEMENTS--GENERAL INFORMATION
Fixed length control field 241221b |||||||| |||| 00| 0 eng d
020 ## - INTERNATIONAL STANDARD BOOK NUMBER / ISBN
International Standard Book Number 81-7273-304-6
Price Rs.75.00
040 ## - CATALOGING SOURCE
Original cataloging agency SEACOMMC
082 ## - DEWEY DECIMAL CLASSIFICATION NUMBER
Classification number 070.415
Book Number S 476
100 ## - MAIN ENTRY--PERSONAL NAME
Personal name Sengupta, Aditya
245 1# - TITLE STATEMENT
Title Computer Assisted Broadcast Reporting
Statement of responsibility Aditya Sengupta
260 ## - IMPRINT
Place of publication Delhi
Name of publisher Author Press
Date of publication 2006
650 ## - SUBJECT ADDED ENTRY--TOPICAL TERM
Topical term Digital Television
942 ## - ADDED ENTRY ELEMENTS (KOHA)
Koha item type Books
Holdings
Withdrawn status Lost status Source of classification Damaged status Not for loan Home library Current library Shelving location Date acquired Total Checkouts Call number Accession number Date last seen Price effective from Koha item type Copy number
    Dewey Decimal Classification     SEACOM MANAGEMENT COLLEGE SEACOM MANAGEMENT COLLEGE Reference 11/12/2007   070.415 S 476 M-1237 21/12/2024 21/12/2024 Books  
    Dewey Decimal Classification     SEACOM MANAGEMENT COLLEGE SEACOM MANAGEMENT COLLEGE   11/12/2007   070.415 S 476 M-1238 21/12/2024 21/12/2024 Books 1
© Seacom Engineering College, All rights reserved.    Powered by Koha